De l'histoire a la prospective
Saved in:
| Main Author: | |
|---|---|
| Format: | Book |
| Language: | French |
| Published: |
París
Robert Laffont
1975
|
| Subjects: | |
| Tags: |
Add Tag
No Tags, Be the first to tag this record!
|
MARC
| LEADER | 00000cam a2200000 a 4500 | ||
|---|---|---|---|
| 001 | UCE0043 | ||
| 003 | CL-VaPUC | ||
| 008 | 131227e19750000fr |||||||||||||||||fre|d | ||
| 082 | 0 | 4 | |a 901 |b CHA |2 21 |
| 100 | 0 | |a Chaunu, Pierre |e author |9 572455 | |
| 245 | 1 | 0 | |a De l'histoire a la prospective |
| 300 | |a 397 p | ||
| 942 | |c BK | ||
| 945 | |d 20131227 10:32:00 |a dcastane | ||
| 260 | |a París |b Robert Laffont |c 1975 | ||
| 650 | 0 | |a Filosofía de la historia |9 265651 | |
| 650 | 0 | |a Ensayos |9 268724 | |
| 583 | |a last modification |c 20131227 10:32:00 |k Rodrigo Vera | ||
| 999 | |c 354364 |d 354362 | ||
| 952 | |0 0 |1 0 |3 erb |4 0 |6 901_000000000000000_CHA_1975 |7 0 |8 A |9 460154 |a BIBHIS |b BIBHIS |i 5038197 |o 901 CHA 1975 |p 5038197 |r 2025-01-20 |w 2019-11-23 |y BK |z Catalogado en:20131227 |k HIS | ||